000 00636nam a2200289Ia 4500
005 20260324115253.0
008 008 260324s9999 xx 000 0 eng d
020 _a9780429436062
037 _aEBOOK
040 _aCRL
040 _beng
040 _cCRL
041 _2eng
041 _aeng
084 _qCRL
100 _aRusel DeMaria
_91154021
245 0 _aGame of X v.1
245 0 _bXbox
260 _bTaylor and Francis
260 _c2018
365 _a
365 _b260
856 _uhttp://www.taylorfrancis.com/books/9780429436062
942 _cEBOOK
999 _c1744777
_d1744777